Captain America Trivia - Statistics

General Stats
  • This quiz has been taken 132 times
    127 since last reset
  • The average score is 29 of 62
Answer Stats
Hint Answer % Correct
What is his real name? Steve Rogers
99%
What team is he part of? The Avengers
96%
Who played him? Chris Evans
93%
Who is his girlfriend? Peggy Carter
93%
What film was he introduced? Captain America
92%
Subtitle of 3? Civil War
91%
How many cap films are there? Three
91%
Subtitle of 2? The Winter Soldier
90%
The subtitle of above? The First Avenger
88%
Who is his enemy in above? Iron Man
85%
Actor's name of above? Robert Downey Jr.
85%
Who is above's character's name? Tony Stark
85%
Who is above's dad's name? Howard Stark
84%
Who are the villains in 1? The Red Skull
79%
What is Cap's weapon of choice? Shield
75%
Who played above? Hayley Atwell
65%
Who does Cap kiss in 3? Sharon Carter
64%
What film did Cap time-travel? Avengers: Endgame
63%
Who is Cap's second friend? Falcon
63%
Who is Cap's best friend? Bucky Barnes
62%
Second evil group of villains to fight him? Hydra
60%
Who is above's wife's name? Maria Stark
60%
What film does Evans appear with a beard in? Avengers: Infinity War
59%
Who kisses Cap in 2? Black Widow
59%
What Marvel character did Evans play before? The Human Torch
58%
Who plays above? Sebastian Stan
56%
Who plays above? Scarlett Johansson
55%
Who plays above? Anthony Mackie
53%
What agent number is above? 13
51%
Who cameo's at the end of 1? Nick Fury
51%
What Disney+ show stars above? The Falcon and the Winter Soldier
51%
When was Cap born? 1918
47%
What Marvel film was Evans in before 1? Fantastic Four
46%
How old is Cap in Infinity War? 100
45%
Who plays above? Samuel L. Jackson
45%
Arnim Zola
42%
Who was the original evil group of villains? Nazis
42%
How did above character die? Got Shot
37%
Villain name of Rumlow? Crossbones
35%
Who plays above? Emily Van Camp
26%
Who tells Cap in 2012 to "Get her number."? Stan Lee
26%
Who played Abraham Erskine? Stanley Tucci
26%
Who are the villains in 2? Alexander Pierce
24%
Subtitle of above 2? Rise of the Silver Surfer
23%
Who are the villains of the above show? Baron Zemo
21%
Who played Howard? Dominic Cooper
20%
Who plays above? Frank Grillo
19%
Who plays Evans sister in above film? Jessica Alba
19%
The Winter Soldier
19%
Who plays Col. Phillips? Tommy Lee Jones
19%
Who is above's brother? Anthony Russo
16%
Brock Rumlow
16%
Who cameo's as the doctor in 2? Joe Russo
16%
What is above's character's name? Chester
13%
Real name of arch nemesis? Johan Schmiddt
11%
Jasper Sitwell
7%
Karli Morgenthau
7%
What film was Cap in a deleted scene? The Incredible Hulk
7%
U.S. Agent
5%
George Batroc
3%
Jack Rollins
3%
Madame Hydra
1%
No matching quizzes found
Score Distribution
Percent of People with Each Score
Percentile by Number Answered
Your Score History
You have not taken this quiz since the last reset